Edvard Beneš : 1884-1948 /

Hlavní autor: Zídek, Petr, 1971-
Jazyk: Čeština
Vydáno: V Táboře : Husitské muzeum, 2015
Vydání: První vydání
Témata:
Fyzický popis: 59 stran : ilustrace, portréty ; 15 cm
Knihy
Uloženo v:
LEADER 01991cam a2200601 i 4500
001 nkc20152735380
003 CZ PrNK
005 20170510115343.0
007 ta
008 160608s2015 xr ac e 000 0bcze d
015 |a cnb002735380 
020 |a 978-80-87516-18-8  |q (brožováno) 
035 |a (OCoLC)987012391 
040 |a CBA001  |b cze  |d BOA001  |d ABA001  |e rda 
043 |a e-cs---  |a e-xr--- 
045 |a w8x4 
072 7 |a 32  |x Politika  |2 Konspekt  |9 15 
072 7 |a 929  |x Biografie  |2 Konspekt  |9 8 
080 |a 32-051  |2 MRF 
080 |a 929  |2 MRF 
080 |a (437)  |2 MRF 
080 |a (437.3)  |2 MRF 
080 |a (092)  |2 MRF 
080 |a (084.12)  |2 MRF 
100 1 |a Zídek, Petr,  |d 1971-  |7 js20021118005  |4 aut 
245 1 0 |a Edvard Beneš :  |b 1884-1948 /  |c Petr Zídek 
246 3 |a Edvard Beneš 1884-1948 
250 |a První vydání 
264 1 |a V Táboře :  |b Husitské muzeum,  |c 2015 
300 |a 59 stran :  |b ilustrace, portréty ;  |c 15 cm 
336 |a text  |b txt  |2 rdacontent 
336 |a statický obraz  |b sti  |2 rdacontent 
337 |a bez média  |b n  |2 rdamedia 
338 |a svazek  |b nc  |2 rdacarrier 
500 |a 1000 výtisků 
504 |a Obsahuje bibliografii 
600 1 7 |a Beneš, Edvard,  |d 1884-1948  |7 jk01011576  |2 czenas 
648 7 |a 19.-20. století  |7 ch757015  |2 czenas 
648 4 |a 1884-1948 
650 0 7 |a prezidenti  |7 ph124601  |z Československo  |2 czenas 
650 0 7 |a politici  |7 ph115781  |z Česko  |y 19.-20. století  |2 czenas 
650 0 9 |a presidents  |z Czechoslovakia  |2 eczenas 
650 0 9 |a politicians  |z Czechia  |y 19th-20th centuries  |2 eczenas 
655 7 |a biografie  |7 fd131909  |2 czenas 
655 7 |a fotografické publikace  |7 fd132276  |2 czenas 
655 9 |a biography  |2 eczenas 
655 9 |a photographical works  |2 eczenas 
910 2 |a BOA001  |b 1-1372.526 
920 |a 0651615  |z CBA001 
990 |a BK 
995 |a 01 
991 |b 201608  |c NOV 
996 6 |b 2610679333  |c 1-1372.526  |l MZK  |r Sklad / do 1 hodiny  |n 1  |p p.v.  |w 001574467  |u 000010  |a 1  |e BOA001  |j MZK50  |s P